Pravdepodobnostné modely pre odporúčanie informácií /

Enregistré dans:
Détails bibliographiques
Auteur principal: Trnovský, Peter (Auteur)
Autres auteurs: Polčicová, Gabriela 1975- (Directeur de thèse)
Format: Manuscrit Livre
Langue:slovaque
Publié: Bratislava : Slovenská technická univerzita v Bratislave, 2004
Sujets:
Tags: Ajouter un tag
Pas de tags, Soyez le premier à ajouter un tag!

MARC

LEADER 00000ntm a22000003a 4500
001 0066427
003 SK-STU
005 20180723104420.6
007 ta
008 180723s2018----xo-----f-mn---000-0-slo-d
040 |a STU  |b slo 
041 0 |a slo 
044 |a xo  |c SK 
100 1 |a Trnovský, Peter  |4 aut 
245 1 0 |a Pravdepodobnostné modely pre odporúčanie informácií /  |c aut. Peter Trnovský ; škol. Gabriela Polčicová 
260 |a Bratislava :  |b Slovenská technická univerzita v Bratislave,  |c 2004 
300 |a 86 s.,  |e CD 
650 0 7 |a pravdepodobnostné modely 
700 1 |a Polčicová, Gabriela  |d 1975-  |4 ths 
996 |c I*BAP1/04  |l II680  |s P  |a 0  |w 0066427_0001